| 000 | 00697nam a22002057a 4500 | ||
|---|---|---|---|
| 003 | OSt | ||
| 005 | 20160521154345.0 | ||
| 008 | 160521b xxu||||| |||| 00| 0 eng d | ||
| 020 | _a971-513-181-6 | ||
| 040 | _cLIC | ||
| 082 |
_22005 _aDFil 610.7 _bAs6 |
||
| 100 |
_98754 _aAsperas, Carlito Manalaysay |
||
| 245 |
_aIntroduction to basic nursing research: _btrends, methods, & applications: a text-workbook/ _cCarlito Manalaysay Asperas. |
||
| 260 |
_aPhilippines: _bEducational Publishing House, _cc2005. |
||
| 300 |
_a258 pages; _c27 cm. |
||
| 500 | _aIncludes bibliography, appendices and glossary. | ||
| 650 | 0 |
_98755 _aResearch _xNursing |
|
| 650 | 0 |
_98756 _aNursing research |
|
| 942 |
_2ddc _cDFIL |
||
| 999 |
_c2659 _d2659 |
||